|
|
|
|
| LEADER |
00840nam a22002297a 4500 |
| 001 |
39107 |
| 003 |
BD-DhAAL |
| 008 |
220719t1993 enk || 000 ||eng d |
| 999 |
|
|
|c 44593
|d 44593
|
| 020 |
|
|
|a 0951515713
|
| 040 |
|
|
|a BD-DhAAL
|c BD-DhAAL
|
| 082 |
|
|
|a 352.44
|2 23
|
| 100 |
|
|
|a Frampton, Dennis.
|9 49974
|
| 245 |
|
|
|a Practical tax administration /
|c Dennis Frampton.
|
| 260 |
|
|
|a Bath :
|b Fiscal,
|c 1993.
|
| 300 |
|
|
|a vii,122 pages ;
|c 22 cm.
|
| 541 |
|
|
|a Donated By Akbar Ali Khan
|e 39107
|
| 650 |
|
|
|a Tax administration and procedure
|z Great Britain.
|9 49975
|
| 650 |
|
|
|a Law.
|9 49976
|
| 852 |
|
|
|a Ayesha Abed Library
|c Akbar Ali Khan Collection
|
| 942 |
|
|
|2 ddc
|c BK
|
| 952 |
|
|
|0 0
|1 0
|2 ddc
|4 0
|6 352_440000000000000_FRA
|7 1
|9 71285
|a BRACUL
|b BRACUL
|c AAKC
|d 2022-07-19
|e Donated by Akbar Ali Khan
|l 0
|o 352.44 FRA
|p 3010039107
|r 2022-07-19
|t 1
|w 2022-07-19
|y BK
|